[Event "St Therese Outaouais-Laurentides m2"]
[Site "St Therese"]
[Date "1994.10.15"]
[Round "2"]
[White "Corbeil, Michel"]
[Black "Lavergne, Daniel"]
[Result "0-1"]
[WhiteElo "1522"]
[BlackElo "1294"]
[PlyCount "60"]
[EventDate "1994.10.15"]
[EventType "team-match"]
[EventRounds "2"]
[EventCountry "CAN"]
[SourceTitle "EXT 2022"]
[Source "ChessBase"]
[SourceDate "2021.10.06"]
[SourceVersion "1"]
[SourceVersionDate "2021.10.06"]
[SourceQuality "1"]

1. e4 c5 2. Nf3 d6 3. d4 cxd4 4. Nxd4 Nf6 5. Nc3 a6 6. Be2 Nbd7 7. Be3 e6 8. Qd2 Be7 9. 0-0-0 b5 10. Nc6 Qc7 11. Nxe7 Kxe7 12. f4 Rd8 13. Bf3 e5 14. Nd5+ Nxd5 15. exd5 Qc4 16. b3 Qc7 17. Rhe1 Kf8 18. fxe5 Nxe5 19. Be4 Bg4 20. Qf2 Bxd1 21. Rxd1 Ng4 22. Qd2 Nxe3 23. Qxe3 Re8 24. Qf3 h6 25. Rf1 Re7 26. Qf5 Qc3 27. Qh7 Rxe4 28. Rxf7+ Kxf7 29. Qxe4 Re8 30. Qf4+ Kg8 0-1

[Event "St Therese Outaouais-Laurentides m2"]
[Site "St Therese"]
[Date "1994.10.15"]
[Round "1"]
[White "Roussel, Eric"]
[Black "Corbeil, Michel"]
[Result "1-0"]
[WhiteElo "1370"]
[BlackElo "1522"]
[PlyCount "57"]
[EventDate "1994.10.15"]
[EventType "team-match"]
[EventRounds "2"]
[EventCountry "CAN"]
[SourceTitle "EXT 2022"]
[Source "ChessBase"]
[SourceDate "2021.10.06"]
[SourceVersion "1"]
[SourceVersionDate "2021.10.06"]
[SourceQuality "1"]

1. e4 c6 2. d4 d5 3. exd5 cxd5 4. Bb5+ Bd7 5. Bxd7+ Nxd7 6. c3 Ngf6 7. Nf3 e6 8. Bf4 Qb6 9. Qc2 Bd6 10. Bxd6 Qxd6 11. Nbd2 0-0 12. 0-0 Rac8 13. Rfe1 Qc7 14. h3 h6 15. Re3 b5 16. Rae1 Rfe8 17. Ne5 Nxe5 18. Rxe5 b4 19. R1e3 bxc3 20. bxc3 g5 21. Rg3 Nh5 22. Rf3 f5 23. Nf1 Ng7 24. g4 f4 25. Qg6 Qe7 26. Qxh6 Kf7 27. Rxg5 Rg8 28. Qg6+ Kf8 29. Rxf4+ 1-0